Saiva darshan aru sahityar patabhumi (Record no. 3635)

MARC details
000 -LEADER
fixed length control field 00481cam a2200181ua 4500
008 - FIXED-LENGTH DATA ELEMENTS--GENERAL INFORMATION
fixed length control field 111222n ii |||gr||||Z||||||asm
040 ## - CATALOGING SOURCE
Transcribing agency MAIN
082 ## - DEWEY DECIMAL CLASSIFICATION NUMBER
Classification number 891.1
100 ## - MAIN ENTRY--PERSONAL NAME
Personal name Pandit, Gunendra Nath,
245 11 - TITLE STATEMENT
Title Saiva darshan aru sahityar patabhumi
Statement of responsibility, etc. by Gunendra Nath Pandit
250 ## - EDITION STATEMENT
Edition statement 2nd.
260 ## - PUBLICATION, DISTRIBUTION, ETC.
Place of publication, distribution, etc. Barnibari:
Name of publisher, distributor, etc. Rotikanta Prakashan,984.
300 ## - PHYSICAL DESCRIPTION
Extent 340p:
Dimensions 23cm.
942 ## - ADDED ENTRY ELEMENTS (KOHA)
Koha item type Books
653 ## - INDEX TERM--UNCONTROLLED
Uncontrolled term Assamese
653 ## - INDEX TERM--UNCONTROLLED
Uncontrolled term Saiva darshan aru sahityar patabhumi
Holdings
Withdrawn status Lost status Damaged status Not for loan Home library Current library Shelving location Date acquired Total Checkouts Full call number Barcode Date last seen Copy number Price effective from Koha item type
        Central Library, Naharkatiya College Central Library, Naharkatiya College General Stacks 19/09/2020   891.1 | PAN 8273 19/09/2020 2 19/09/2020 Books
        Central Library, Naharkatiya College Central Library, Naharkatiya College General Stacks 19/09/2020   891.1 | PAN 8274 19/09/2020 1 19/09/2020 Books

Naharkatiya College © 2020. All rights reserved.

Powered By